| 000 | 00605ngm a2200169 a 4500 | ||
|---|---|---|---|
| 005 | 20210219153825.0 | ||
| 008 | 010918s1980 mx 008 d daspa d | ||
| 035 | _aUPN01000111677 | ||
| 049 | _aAV | ||
| 050 | 4 | _aPVI Q 1160 | |
| 245 | 0 | 1 | _a¿Qué es un gas?. |
| 260 |
_aMéxico : _bPelículas Ebesa [distribuidor], _c[198-?]. |
||
| 300 |
_a1 videocasete (VHS) (8 min.) : _bson., col. |
||
| 520 | _aA pesar de que los gases son frecuentemente invisibles, este programa permite a los espectadores verlos y les explica que son uno de los estados de la materia | ||
| 650 | 4 | _aGASES | |
| 905 | _aAudiovisuales | ||
| 999 |
_c85585 _d85585 |
||